000 00250nam a2200121 i 4500
001 bg
245 0 _aMatematiceskij analiz.
260 _aMoskwa,
_c1971.
040 _cBPK
041 _apol
942 _cKS
008 s pl f |000 0 pol
999 _c9192
_d9192
856 _uhttp://koha.tu.koszalin.pl/cgi-bin/koha/opac-detail.pl?biblionumber=9192
_yKatalog online BPK